00870nam a2200205 a 450000100100000000500170001000800410002702000150006804000250008310000390010824500750014726000370022230000210025949000260028050000550030659000750036183000330043695201780046999900170064700003940420240306164224.0130626s1975 sp 000 0 spa d a843220286X aDO-SdBNPbspacBNPHU1 aVargas Llosa, Mario,d1936-91256713aLa orgía perpetua :bFlaubert y madame bovary /cMario Vargas Llosa. aBarcelona :bSeix Barral,c1975. a277 p. ;c22 cm.1 aBiblioteca brevev379 aIncluye datos biográficos del autor en la solapa aPerteneció a la biblioteca personal de Aída Cartagena Portalatín 0aBiblioteca brevev379913442 0010507-18MOaGRbGRcOId2013-06-26iLF1l0o p39404-10r2020-06-25w2020-06-25y1zPerteneció a la biblioteca personal de Aída Cartagena PortalatínZNo se presta c38894d38894